Excel VBA : (Record no. 96355)
[ view plain ]
| 000 -LEADER | |
|---|---|
| fixed length control field | 01209nam a22003137a 4500 |
| 005 - DATE AND TIME OF LATEST TRANSACTION | |
| control field | 20160614110833.0 |
| 010 ## - LCCN (DPL NO) | |
| LC control number | 1516EN07 B-599154-165 ENG-115282 |
| 020 ## - INTERNATIONAL STANDARD BOOK NUMBER | |
| International Standard Book Number | 9788126555475 |
| Terms of availability | 699.00 |
| 035 ## - SYSTEM CONTROL NUMBER | |
| System control number | B-599154-165 |
| 035 ## - SYSTEM CONTROL NUMBER | |
| System control number | EN-98814 |
| 037 ## - SOURCE OF ACQUISITION | |
| Source of stock number/acquisition | Asian Book Centre/Ven |
| Stock number | dpl |
| 037 ## - SOURCE OF ACQUISITION | |
| Source of stock number/acquisition | DBAD/PUB |
| 082 ## - DEWEY DECIMAL CLASSIFICATION NUMBER | |
| Classification number | 005.54 |
| 100 ## - MAIN ENTRY--PERSONAL NAME | |
| Personal name | Urtis,Tom |
| 245 ## - TITLE STATEMENT | |
| Title | Excel VBA : |
| Statement of responsibility, etc | by Tom Urtis |
| Remainder of title | 24-hour trainer/ |
| 246 ## - VARYING FORM OF TITLE | |
| Title proper/short title | Excel Visual Basic Applications : twenty-four hour trainer |
| 250 ## - EDITION STATEMENT | |
| Edition statement | 2nd ed |
| 260 ## - PUBLICATION, DISTRIBUTION, ETC. (IMPRINT) | |
| Place of publication, distribution, etc | New Delhi |
| Name of publisher, distributor, etc | Wiley India |
| Date of publication, distribution, etc | 2015 |
| 270 ## - ADDRESS | |
| Address | 4435-36/7, Ansari Road, Daryaganj, |
| City | New Delhi |
| Postal code | 110002 |
| 300 ## - PHYSICAL DESCRIPTION | |
| Extent | xxxi,460p. : |
| Dimensions | 24cm(pbk) |
| Other physical details | ill. |
| 500 ## - GENERAL NOTE | |
| General note | Includes index |
| 520 ## - SUMMARY, ETC. | |
| Summary, etc | Presents information on using Microsoft's Visual Basic for Applications (VBA) programming language to customize the spreadsheet program Excel. |
| 650 ## - SUBJECT ADDED ENTRY--TOPICAL TERM | |
| Topical term or geographic name as entry element | Electronic spreadsheets. |
| 650 ## - SUBJECT ADDED ENTRY--TOPICAL TERM | |
| Topical term or geographic name as entry element | Business |
| General subdivision | Computer programs. |
| 650 ## - SUBJECT ADDED ENTRY--TOPICAL TERM | |
| Topical term or geographic name as entry element | Spreadsheet software. |
| 650 ## - SUBJECT ADDED ENTRY--TOPICAL TERM | |
| Topical term or geographic name as entry element | Business |
| General subdivision | Computer software. |
| 942 ## - ADDED ENTRY ELEMENTS (KOHA) | |
| Source of classification or shelving scheme | Dewey Decimal Classification |
| Item type | English Books |
| Classification part | 005.54 |
| Call number suffix | URT |
| Withdrawn status | Lost status | Not for loan | Collection code | Home library | Current library | Date acquired | Source of acquisition | Cost, normal purchase price | Full call number | Barcode | Copy number | Cost, replacement price | Koha item type |
|---|---|---|---|---|---|---|---|---|---|---|---|---|---|
| Non-fiction | Andrews Gunj | Andrews Gunj | 16/12/2015 | ABC/IN4654/23.09.2015/111/16.09.2015/30.09.2015 | 699.00 | 005.54 URT | B-599160 | 1 | 699.00 | English Books | |||
| Non-fiction | Bawana | Bawana | 16/12/2015 | ABC/IN4654/23.09.2015/111/16.09.2015/30.09.2015 | 699.00 | 005.54 URT | B-599164 | 1 | 699.00 | English Books | |||
| Not For Loan | Non-fiction | D.B.Act.Division | Bawana | 14/06/2016 | DBAD/PUB | 699.00 | 005.54 URT | EN-98814 | 1 | 699.00 | English Books | ||
| Non-fiction | Central Library | Central Library | 16/12/2015 | ABC/IN4654/23.09.2015/111/16.09.2015/30.09.2015 | 699.00 | 005.54 URT | B-599154 | 1 | 699.00 | English Books | |||
| Not For Loan | Reference | Central Library | Central Library | 16/12/2015 | ABC/IN4654/23.09.2015/111/16.09.2015/30.09.2015 | 699.00 | 005.54 URT | B-599155 | 1 | 699.00 | English Books | ||
| Non-fiction | Janak Puri | Janak Puri | 16/12/2015 | ABC/IN4654/23.09.2015/111/16.09.2015/30.09.2015 | 699.00 | 005.54 URT | B-599157 | 1 | 699.00 | English Books | |||
| Non-fiction | Patel Nagar | Patel Nagar | 16/12/2015 | ABC/IN4654/23.09.2015/111/16.09.2015/30.09.2015 | 699.00 | 005.54 URT | B-599156 | 1 | 699.00 | English Books | |||
| Non-fiction | R.K.Puram-8 | R.K.Puram-8 | 16/12/2015 | ABC/IN4654/23.09.2015/111/16.09.2015/30.09.2015 | 699.00 | 005.54 URT | B-599159 | 1 | 699.00 | English Books | |||
| Non-fiction | Sarojini Nagar | Sarojini Nagar | 16/12/2015 | ABC/IN4654/23.09.2015/111/16.09.2015/30.09.2015 | 699.00 | 005.54 URT | B-599158 | 1 | 699.00 | English Books | |||
| Non-fiction | Sarojini Nagar | Sarojini Nagar | 16/12/2015 | ABC/IN4654/23.09.2015/111/16.09.2015/30.09.2015 | 699.00 | 005.54 URT | B-599162 | 1 | 699.00 | English Books | |||
| Non-fiction | Shahdara Branch | Shahdara Branch | 16/12/2015 | ABC/IN4654/23.09.2015/111/16.09.2015/30.09.2015 | 699.00 | 005.54 URT | B-599165 | 1 | 699.00 | English Books | |||
| Non-fiction | Sriniwas Puri | Sriniwas Puri | 16/12/2015 | ABC/IN4654/23.09.2015/111/16.09.2015/30.09.2015 | 699.00 | 005.54 URT | B-599161 | 1 | 699.00 | English Books | |||
| Non-fiction | Vinoba Puri | Vinoba Puri | 16/12/2015 | ABC/IN4654/23.09.2015/111/16.09.2015/30.09.2015 | 699.00 | 005.54 URT | B-599163 | 1 | 699.00 | English Books |
